| 000 | 00469nab a2200145Ia 4500 | ||
|---|---|---|---|
| 003 | ES-SlBCS | ||
| 005 | 20210601125229.0 | ||
| 008 | 140529s1971 xxu||||| |||| 00| 0 eng d | ||
| 041 | _aeng | ||
| 100 | 1 |
_aSogani, K. C. _9155696 |
|
| 245 | 0 | 0 |
_aSome Comments on The Active and the Contemplative Values _c K. C. Sogani |
| 650 | 0 | 4 |
_aValores Contemplativos _9155576 |
| 773 | 0 |
_tPhilosophy and Phenomenological Research _gvol. 32, 1971, págs. 265-266 _wRev1411 |
|
| 942 | _cAR | ||
| 999 |
_c526891 _d526891 |
||